Economic Development and Planning (Record no. 2265)

MARC details
000 -LEADER
fixed length control field 00338nam a22001337a 4500
008 - FIXED-LENGTH DATA ELEMENTS--GENERAL INFORMATION
fixed length control field 250312b |||||||| |||| 00| 0 eng d
020 ## - INTERNATIONAL STANDARD BOOK NUMBER
ISBN 0706923677
100 ## - MAIN ENTRY--AUTHOR
Author AWASTHI, KS
245 ## - TITLE STATEMENT
Title Economic Development and Planning
260 ## - PUBLICATION, DISTRIBUTION, ETC. (IMPRINT)
Place of publication India
Name of publisher Vikas Publishing House Pvt.
Date of publication 1983
300 ## - COLLATION
Pagination 585p.
942 ## - ADDED ENTRY ELEMENTS (KOHA)
Item type Books
050 ## - LIBRARY OF CONGRESS CALL NUMBER
Classification number HC305
Item number .A83
Holdings
Source of classification or shelving scheme Not for loan Permanent location Current location Date acquired Accession No. Full call number Barcode. Koha item type
Library of Congress Classification   Samuel Ogbemudia Main Library, University of Abuja Samuel Ogbemudia Main Library, University of Abuja 03/12/2025 92/006802 HC305.A83 2025-0513 Books